000 002980000a22001330004500
003 MACL
040 _aMACL
090 _c9013
_d9012
100 _aTagare, Ganesh Vasudeo
245 _aThe Brahmanda Purana
_bPart 5
260 _bMotilal Banarsidass
_c1984
650 _aReligion
942 _cBOOK
_k294.59
999 _c8958
_d8958